[Event "25th Czech Rapid G1 2014"]
[Site "Pardubice CZE"]
[Date "2014.07.17"]
[Round "8.53"]
[White "Vykydal, Frantisek"]
[Black "Michenka, Jozef"]
[Result "0-1"]
[WhiteTitle "CM"]
[BlackTitle "IM"]
[WhiteElo "2117"]
[BlackElo "2326"]
[WhiteFideId "301744"]
[BlackFideId "301175"]
[EventDate "2014.07.16"]

1. e4 c5 2. Nc3 Nc6 3. g3 g6 4. Bg2 Bg7 5. d3 d6 6. Be3 Nd4 7. Nce2 Nxe2 8. Nxe2
Bxb2 9. O-O Bxa1 10. Qxa1 f6 11. d4 cxd4 12. Nxd4 h5 13. h3 Nh6 14. f4 Nf7 15.
c4 a6 16. Qb1 e5 17. Nf3 O-O 18. Nh4 Kg7 19. Qd1 Rh8 20. Kh2 b5 21. f5 g5 22.
Ng6 Rh6 23. h4 bxc4 24. Rh1 Rb8 25. Kg1 d5 26. hxg5 fxg5 27. Rxh5 d4 28. Bc1
Rxh5 29. Qxh5 Rb1 30. Qd1 d3 31. Kh2 c3 32. Bxg5 Rxd1 0-1

[Event "25th Czech Rapid G1 2014"]
[Site "Pardubice CZE"]
[Date "2014.07.17"]
[Round "8.54"]
[White "Solovyev, Anton"]
[Black "Bibik, Jura"]
[Result "1-0"]
[BlackTitle "IM"]
[WhiteElo "2021"]
[BlackElo "2228"]
[WhiteFideId "24170330"]
[BlackFideId "4113071"]
[EventDate "2014.07.16"]

1. e4 e5 2. Bc4 Nf6 3. d4 Nc6 4. d5 Ne7 5. Nc3 Ng6 6. Bg5 h6 7. Be3 Bb4 8. f3 d6
9. Ne2 Ba5 10. Bb5+ Bd7 11. Qd3 Bb6 12. O-O-O Bxe3+ 13. Qxe3 a6 14. Bxd7+ Qxd7
15. g4 Nh4 16. Qf2 g5 17. Ng3 b6 18. Nf5 Nxf5 19. gxf5 O-O-O 20. h4 g4 21. h5
Rdg8 22. Rdg1 Rg5 23. fxg4 Nxg4 24. Qe2 Rhg8 25. Qxa6+ Kd8 26. Qe2 Nf6 27. Rxg5
Rxg5 28. a4 Qe8 29. Nb5 Rg4 30. Qc4 Qd7 31. Re1 Qe7 32. Na7 Ke8 33. Nc6 Qd7 34.
Qd3 Kf8 35. Qe3 Rg5 36. Rg1 Nh7 37. Rxg5 Nxg5 38. b4 Qc8 39. a5 Qb7 40. Qd3 bxa5
41. bxa5 Ke8 42. a6 Qb6 43. a7 Qb7 44. Qb3 1-0

[Event "25th Czech Rapid G1 2014"]
[Site "Pardubice CZE"]
[Date "2014.07.17"]
[Round "8.55"]
[White "Marutkins, Olegs"]
[Black "Wagener, Claude"]
[Result "1-0"]
[BlackTitle "FM"]
[WhiteElo "2081"]
[BlackElo "2259"]
[WhiteFideId "11600012"]
[BlackFideId "4000471"]
[EventDate "2014.07.16"]

1. e4 c5 2. Nf3 e6 3. d4 cxd4 4. Nxd4 Nc6 5. Nxc6 bxc6 6. c4 Nf6 7. Nc3 Bb4 8.
e5 Qa5 9. exf6 Bxc3+ 10. bxc3 Qxc3+ 11. Bd2 Qxf6 12. Be2 O-O 13. O-O d5 14. Rc1
d4 15. Bd3 e5 16. f4 h6 17. fxe5 Qxe5 18. Qf3 Bd7 19. Rce1 Qc5 20. Qg3 Kh8 21.
Re5 Qa3 22. Rh5 1-0

[Event "25th Czech Rapid G1 2014"]
[Site "Pardubice CZE"]
[Date "2014.07.17"]
[Round "8.56"]
[White "Seidl, Stepan"]
[Black "Janocko, Petr"]
[Result "1-0"]
[WhiteElo "2209"]
[BlackElo "2039"]
[WhiteFideId "338290"]
[BlackFideId "320099"]
[EventDate "2014.07.16"]

1. e4 c6 2. Nc3 d5 3. Nf3 g6 4. d4 dxe4 5. Nxe4 Bg7 6. Bc4 e6 7. Bg5 Qc7 8. Bh4
Qf4 9. Bd3 Qc7 10. Bg3 Qa5+ 11. b4 Qd8 12. Nd6+ Kf8 13. O-O Nd7 14. c4 h5 15. h4
Bf6 16. Qe2 Nh6 17. Ne4 Be7 18. Nfg5 Nf5 19. Nxf7 Kxf7 20. Rae1 Nxd4 21. Qb2 Nf5
22. c5 Rf8 23. Bc4 Kg8 24. Bd6 Bxh4 25. Bxe6+ Kh7 26. g3 Nxd6 27. cxd6 Bf6 28.
Qd2 Ne5 29. f4 Bxe6 30. fxe5 Bf5 31. Nxf6+ Rxf6 32. exf6 Qxf6 33. Re7+ Kg8 34.
Qh6 g5 35. Qxf6 1-0

[Event "25th Czech Rapid G1 2014"]
[Site "Pardubice CZE"]
[Date "2014.07.17"]
[Round "8.57"]
[White "Mojzis, Jaroslav"]
[Black "Andreeva, Elena"]
[Result "1-0"]
[WhiteTitle "FM"]
[WhiteElo "2137"]
[BlackElo "1946"]
[WhiteFideId "302325"]
[BlackFideId "24104701"]
[EventDate "2014.07.16"]

1. Nf3 d5 2. c4 e6 3. d4 Nf6 4. g3 Be7 5. Bg2 c6 6. O-O O-O 7. Nc3 dxc4 8. Ne5
Nd5 9. Nxc4 b5 10. Ne5 Ba6 11. Re1 f6 12. Nf3 Nd7 13. Qb3 b4 14. Na4 Qa5 15. e4
Nc7 16. Bf4 Kf7 17. Bh3 Qh5 18. Kg2 g5 19. g4 Qg6 20. Bxc7 c5 21. dxc5 Nxc5 22.
Nxc5 Bxc5 23. Rac1 Be7 24. Nd4 Bc8 25. Kg1 Qg7 26. Bf1 f5 27. Nxf5 1-0

[Event "25th Czech Rapid G1 2014"]
[Site "Pardubice CZE"]
[Date "2014.07.17"]
[Round "8.58"]
[White "Joukl, Zdenek"]
[Black "Pischikov, Vadim"]
[Result "1-0"]
[WhiteElo "2062"]
[BlackElo "2130"]
[WhiteFideId "304247"]
[BlackFideId "4100280"]
[EventDate "2014.07.16"]

1. d4 d5 2. Nf3 Nf6 3. Bf4 c5 4. e3 Nc6 5. Nc3 Bf5 6. Be2 e6 7. Ne5 Be7 8. g4
Bg6 9. h4 Be4 10. f3 Nxe5 11. dxe5 Nxg4 12. O-O Bxh4 13. fxg4 Bg6 14. Bb5+ Kf8
15. Bd3 c4 16. Bxg6 hxg6 17. Qf3 f5 18. exf6 gxf6 19. Nb5 Rc8 20. Nd4 Qe7 21. g5
f5 22. Qg2 e5 23. Qxd5 exf4 24. Ne6+ Ke8 25. exf4 Rc6 26. Rae1 Bxe1 27. Rxe1 Rd6
28. Nc7+ Kd8 29. Rxe7 Rxd5 30. Nxd5 c3 31. bxc3 Rh3 32. Rxb7 a5 33. Ra7 Kc8 34.
Rg7 Rh8 35. Rxg6 Rd8 36. c4 Re8 37. Kf2 Re4 38. Rc6+ Kb7 39. Rc7+ Kb8 40. g6 Re8
41. g7 a4 42. Rf7 a3 43. Rf8 1-0

[Event "25th Czech Rapid G1 2014"]
[Site "Pardubice CZE"]
[Date "2014.07.17"]
[Round "8.59"]
[White "Chekletsov, Ilya"]
[Black "Petrovskis, Olegs"]
[Result "1-0"]
[WhiteElo "2078"]
[BlackElo "2062"]
[WhiteFideId "24177156"]
[BlackFideId "11603186"]
[EventDate "2014.07.16"]

1. d4 d5 2. c4 c6 3. Nf3 Nf6 4. Qc2 g6 5. Bf4 Bf5 6. Qb3 Qb6 7. c5 Qxb3 8. axb3
Nbd7 9. Nc3 a6 10. b4 Rc8 11. h3 Bg7 12. e3 Ne4 13. Nd2 Nxd2 14. Kxd2 f6 15. g4
Be6 16. Bg3 Bf7 17. f4 e5 18. f5 Bh6 19. Kd3 Rg8 20. Rg1 gxf5 21. gxf5 Ke7 22.
Be2 Rg7 23. Bh2 Rcg8 24. Rxg7 Rxg7 25. Rg1 Rxg1 26. Bxg1 exd4 27. exd4 Bf4 28.
Be3 Bg3 29. Bf3 Be1 30. Bf4 Ke8 31. Ke2 Bh4 32. Nd1 Bg5 33. Ke3 Ke7 34. Nf2
Bxf4+ 35. Kxf4 Kf8 36. Kg4 Kg7 37. Nd3 Kh6 38. Kh4 Kg7 39. Nf4 Nf8 40. Bg4 Kg8
41. Bh5 h6 42. Nd3 Kg7 43. Bxf7 Kxf7 44. Kh5 Kg7 45. Nf4 Kh7 46. Ne6 Nxe6 47.
fxe6 Kg7 48. e7 Kf7 49. Kxh6 Kxe7 50. Kg6 Ke6 51. h4 Ke7 52. h5 1-0

[Event "25th Czech Rapid G1 2014"]
[Site "Pardubice CZE"]
[Date "2014.07.17"]
[Round "8.61"]
[White "Pulpan, Jakub"]
[Black "Smolej, Lukas"]
[Result "0-1"]
[WhiteElo "2218"]
[BlackElo "2003"]
[WhiteFideId "302759"]
[BlackFideId "363782"]
[EventDate "2014.07.16"]

1. e4 e5 2. Nf3 Nc6 3. Nc3 Nf6 4. d4 exd4 5. Nd5 Be7 6. Bf4 d6 7. Nxd4 O-O 8.
Nxc6 bxc6 9. Nxf6+ Bxf6 10. c3 Qe7 11. Bd3 Rb8 12. Qd2 d5 13. f3 dxe4 14. fxe4
Rd8 15. Qe2 Bh4+ 16. g3 Bg5 17. O-O Bh3 18. Rf2 Bxf4 19. Rxf4 Qc5+ 20. Rf2 Be6
21. Rf1 h6 22. a3 Rxd3 23. Qxd3 Rxb2 24. Qd4 Qxa3 25. Rxb2 Qxb2 26. h4 a5 27.
Rf2 Qc1+ 28. Kh2 Qe1 29. Rg2 c5 30. Qxc5 Qxe4 31. Qd4 Qf5 32. g4 Qf3 33. Rf2 Qc6
34. g5 hxg5 35. hxg5 Bd5 36. Qe5 Qc4 37. Rf4 Qa2+ 38. Kh3 Qg2+ 39. Kh4 Be6 40.
Rf5 g6 0-1

[Event "25th Czech Rapid G1 2014"]
[Site "Pardubice CZE"]
[Date "2014.07.17"]
[Round "8.62"]
[White "Sykora, Josef"]
[Black "Kotyk, Vaclav"]
[Result "1/2-1/2"]
[WhiteElo "2117"]
[BlackElo "1848"]
[WhiteFideId "313220"]
[BlackFideId "384232"]
[EventDate "2014.07.16"]

1. c4 c5 2. g3 Nf6 3. Bg2 e6 4. Nf3 Qc7 5. O-O b6 6. Nc3 a6 7. d4 cxd4 8. Nxd4
Bb7 9. Bxb7 Qxb7 10. b3 Be7 11. Bb2 O-O 12. Re1 d6 13. Qd2 Nbd7 14. Rad1 Rac8
15. Qe3 Rfe8 16. Qf3 Qc7 17. Qg2 Bf8 18. Ne4 Nxe4 19. Qxe4 Nf6 20. Qb1 d5 21.
cxd5 Nxd5 22. Rc1 Qd7 23. Rxc8 Rxc8 24. Rc1 Bd6 25. Rxc8+ Qxc8 26. Qc2 1/2-1/2

[Event "25th Czech Rapid G1 2014"]
[Site "Pardubice CZE"]
[Date "2014.07.17"]
[Round "8.65"]
[White "Mindl, Josef"]
[Black "Kopriva, Martin"]
[Result "0-1"]
[WhiteElo "2029"]
[BlackElo "1871"]
[WhiteFideId "310549"]
[BlackFideId "357740"]
[EventDate "2014.07.16"]

1. e4 c5 2. Nf3 d6 3. d4 cxd4 4. Qxd4 Nc6 5. Bb5 Bd7 6. Bxc6 Bxc6 7. Nc3 Nf6 8.
Bg5 Qa5 9. O-O-O h6 10. Bh4 g5 11. Bg3 Bg7 12. Qd3 a6 13. Nd4 Bd7 14. Kb1 b5 15.
Nf5 Bxf5 16. exf5 O-O 17. h4 g4 18. Rhe1 Ra7 19. f3 Qb4 20. a3 Qa5 21. fxg4 b4
22. axb4 Qxb4 23. Qd4 Qb8 24. Qd3 Nd5 25. Qxd5 Bxc3 26. Qb3 Qxb3 27. cxb3 Bxe1
28. Rxe1 Rb7 29. Ka2 Ra8 30. g5 hxg5 31. hxg5 a5 32. Re4 Rc8 33. f6 exf6 34.
gxf6 d5 35. Rg4+ Kh7 36. Be1 Rc6 37. Bc3 Rd7 0-1

[Event "25th Czech Rapid G1 2014"]
[Site "Pardubice CZE"]
[Date "2014.07.17"]
[Round "8.66"]
[White "Stary, Lukas"]
[Black "Hiller, Simon"]
[Result "0-1"]
[WhiteElo "1929"]
[BlackElo "1973"]
[WhiteFideId "322806"]
[BlackFideId "24641308"]
[EventDate "2014.07.16"]

1. c4 e5 2. Nc3 Nf6 3. Nf3 Nc6 4. d4 exd4 5. Nxd4 Bb4 6. Nxc6 bxc6 7. Qb3 Bc5 8.
g3 Qe7 9. Bg2 O-O 10. O-O a5 11. Bg5 h6 12. Bxf6 Qxf6 13. Ne4 Qe5 14. Nxc5 Qxc5
15. Qc3 Re8 16. e3 a4 17. b4 Qe7 18. a3 Rb8 19. Qc2 c5 20. b5 h5 21. Qxa4 Bb7
22. Bxb7 Rxb7 23. Qd1 h4 24. Qg4 hxg3 25. hxg3 Ra7 26. a4 Rea8 27. Qd1 Qe6 28.
Qc2 Kf8 29. Ra2 Ke7 30. Rfa1 Rh8 31. Kf1 Qg4 32. Ke1 Qf3 33. Qe2 Qf6 34. Kd2 Rh2
35. Rf1 Qd6+ 36. Kc2 Qxg3 37. Kb3 Qe5 38. Qf3 Rh4 39. a5 d5 40. Qxd5 Qxd5 41.
cxd5 Rb4+ 42. Kc3 Rxb5 43. Rfa1 Kd6 44. e4 Ke5 45. Ra4 f5 46. Kc4 Rb2 47. Kxc5
fxe4 48. Re1 Rc2+ 49. Kb5 Kxd5 50. Rd1+ Ke5 51. Re1 Rb2+ 52. Kc5 Rxf2 53. Rexe4+
Kf5 54. Re7 Kf6 55. Rd7 g5 56. Rd8 Rf5+ 57. Kc6 Rfxa5 58. Rxa5 Rxa5 59. Kxc7 Ra6
60. Rg8 Kf5 61. Kd7 g4 62. Ke7 Kf4 63. Rf8+ Ke3 64. Rg8 Kf3 65. Rf8+ Kg2 66. Rb8
g3 67. Rb2+ Kh1 68. Rb1+ Kh2 69. Ra1 Rxa1 0-1

[Event "25th Czech Rapid G1 2014"]
[Site "Pardubice CZE"]
[Date "2014.07.17"]
[Round "8.67"]
[White "Janacek, Jaroslav"]
[Black "Zverina, Jan"]
[Result "1-0"]
[WhiteElo "2001"]
[BlackElo "1872"]
[WhiteFideId "306681"]
[BlackFideId "328812"]
[EventDate "2014.07.16"]

1. Nf3 Nf6 2. c4 e6 3. g3 b6 4. Bg2 Bb7 5. O-O Be7 6. e3 O-O 7. Qe2 c5 8. b3 d6
9. Bb2 Nbd7 10. Nc3 a6 11. Rfd1 Qc7 12. Rac1 Ne4 13. d4 Ndf6 14. Na4 Rfd8 15. a3
Bc6 16. Nc3 Nxc3 17. Bxc3 Qb7 18. b4 Ne4 19. Be1 Nf6 20. h3 Be4 21. g4 h6 22.
Bc3 Rac8 23. Ne1 Bxg2 24. Nxg2 Ne4 25. Be1 d5 26. f3 Nf6 27. Nf4 dxc4 28. Rxc4
cxd4 29. Rcxd4 Rxd4 30. exd4 Bd6 31. Nd3 Nd5 32. Bd2 Nc3 33. Bxc3 Rxc3 34. a4
Qc6 35. Qe4 Qxe4 36. fxe4 Rb3 37. d5 e5 38. h4 Kf8 39. Kf2 Bxb4 40. Nxe5 Bc5+
41. Kg2 Ke7 42. Nc6+ Kd7 43. g5 hxg5 44. hxg5 f6 45. gxf6 gxf6 46. Rf1 Re3 47.
Rf4 Re2+ 48. Kf3 Re3+ 49. Kg4 Bd6 50. Kf5 Bxf4 51. Kxf4 Ra3 52. Nb8+ Kd6 53.
Nxa6 Rxa4 54. Nb8 b5 55. Nc6 Rc4 56. Kf5 b4 57. Na5 Rd4 58. Nb7+ Kc7 59. Nc5 1-0

[Event "25th Czech Rapid G1 2014"]
[Site "Pardubice CZE"]
[Date "2014.07.17"]
[Round "8.68"]
[White "Skaloud, Dusan"]
[Black "Holy, Filip"]
[Result "1-0"]
[WhiteElo "1950"]
[BlackElo "1733"]
[WhiteFideId "339610"]
[BlackFideId "358762"]
[EventDate "2014.07.16"]

1. d4 d5 2. Nf3 Nf6 3. Nbd2 Bf5 4. Nh4 Bg6 5. Nxg6 hxg6 6. h3 Nc6 7. c3 e5 8. e3
Bd6 9. dxe5 Nxe5 10. Nf3 Qe7 11. Nd4 c6 12. Qb3 O-O 13. Be2 Ne4 14. Nf3 Rfe8 15.
Rf1 a5 16. a4 Nc5 17. Qc2 Nxf3+ 18. Bxf3 Ne4 19. Bd2 Bc5 20. Be2 Qg5 21. Bf3 Re7
22. O-O-O Qf6 23. h4 Qxh4 24. Rh1 Qxf2 25. Rh3 Rae8 26. Rdh1 f6 27. c4 Qxd2+ 28.
Qxd2 Nxd2 29. Kxd2 Bxe3+ 30. Kd3 d4 31. Rh8+ Kf7 32. R8h7 c5 33. Bd5+ Re6 34.
Bxb7 f5 35. Bd5 Re7 36. Rh8 Bh6 37. Re1 Kf6 38. Bxe6 Rxe6 39. Rxe6+ Kxe6 40. Ra8
Ke5 41. Rxa5 Kf4 42. Rxc5 Kg3 43. a5 Bf4 44. Rc8 Kxg2 45. a6 1-0

[Event "25th Czech Rapid G1 2014"]
[Site "Pardubice CZE"]
[Date "2014.07.17"]
[Round "9.1"]
[White "Navara, David"]
[Black "Pavlidis, Antonios"]
[Result "1/2-1/2"]
[WhiteTitle "GM"]
[BlackTitle "IM"]
[WhiteElo "2716"]
[BlackElo "2479"]
[WhiteFideId "309095"]
[BlackFideId "4212312"]
[EventDate "2014.07.16"]

1. d4 Nf6 2. c4 e6 3. Nf3 b6 4. g3 Ba6 5. b3 Bb4+ 6. Bd2 Be7 7. Nc3 d5 8. cxd5
exd5 9. Bg2 O-O 10. O-O Bb7 11. Ne5 Nbd7 12. Bf4 Re8 13. Rc1 Nf8 14. Nb5 c5 15.
dxc5 bxc5 16. Nc4 Ne6 17. Be5 Ng4 18. Ba1 Rb8 19. Ne5 Nf6 20. Nd3 Qa5 21. Nc3
Red8 22. Na4 Rbc8 23. Qe1 Qb5 24. Nc3 Qa6 25. Na4 Qb5 26. Qd2 c4 27. Ne5 cxb3
28. Nc3 Qa6 29. axb3 d4 30. Na2 Bxg2 31. Kxg2 Qb7+ 32. Kg1 Ne4 33. Qd3 Bf6 34.
Nc6 N4g5 35. Nab4 a5 36. Qa6 Qxa6 37. Nxa6 Re8 38. Nxa5 Ra8 39. Rc6 Ne4 40. Nc4
Nd8 41. Rxf6 Nxf6 42. Nc7 Nc6 43. Nxa8 Rxa8 44. Rd1 Rd8 45. e3 d3 46. Ne5 Na5
47. Rxd3 Rxd3 48. Nxd3 Nxb3 49. Bxf6 gxf6 50. g4 Kg7 51. Kg2 Nd2 52. Kg3 Nf1+
53. Kg2 Nd2 54. h3 f5 55. gxf5 Kf6 56. f3 Kxf5 57. h4 Nc4 58. e4+ Kg6 59. Kg3
Ne3 60. Ne5+ Kg7 61. h5 f6 62. Ng4 Nc4 63. Kf4 Nd2 64. Ke3 Nc4+ 65. Kd4 Nd2 66.
f4 Nf3+ 67. Kd5 Nd2 68. f5 Nf3 69. h6+ Kf7 70. Ne3 Ke7 71. Nc4 Nh2 72. Ne3 Nf3
73. Ng2 Ne5 74. Nf4 Ng4 75. Ng6+ Kf7 76. e5 Nxe5 77. Nxe5+ fxe5 78. Kxe5 Ke7 79.
Ke4 Kf6 80. Kf4 Kf7 81. Ke5 Ke7 82. f6+ Kf7 83. Kf5 Kf8 84. Ke6 Ke8 85. f7+ 1/2-1/2

[Event "25th Czech Rapid G1 2014"]
[Site "Pardubice CZE"]
[Date "2014.07.17"]
[Round "9.3"]
[White "Vajda, Levente"]
[Black "Baryshpolets, Andrey"]
[Result "1/2-1/2"]
[WhiteTitle "GM"]
[BlackTitle "GM"]
[WhiteElo "2569"]
[BlackElo "2546"]
[WhiteFideId "1203975"]
[BlackFideId "14117207"]
[EventDate "2014.07.16"]

1. e4 e5 2. Nf3 Nc6 3. Bc4 Bc5 4. c3 Nf6 5. d3 a6 6. Nbd2 O-O 7. O-O d6 8. Bb3
h6 9. Re1 Ba7 10. Nf1 Ne7 11. d4 Ng6 12. h3 Re8 13. Ng3 c6 14. Be3 exd4 15. Bxd4
Be6 16. Bxe6 Rxe6 17. Bxa7 Rxa7 18. Nd4 Re5 19. Ndf5 d5 20. Qd4 c5 21. Qxc5 b6
22. Qe3 dxe4 23. Rad1 Rd7 24. Rd4 1/2-1/2

[Event "25th Czech Rapid G1 2014"]
[Site "Pardubice CZE"]
[Date "2014.07.17"]
[Round "9.4"]
[White "Nisipeanu, Liviu-Dieter"]
[Black "Vishnu Prasanna, V"]
[Result "1-0"]
[WhiteTitle "GM"]
[BlackTitle "GM"]
[WhiteElo "2686"]
[BlackElo "2459"]
[WhiteFideId "1202758"]
[BlackFideId "5030692"]
[EventDate "2014.07.16"]

1. d4 Nf6 2. c4 e6 3. Nc3 Bb4 4. e3 O-O 5. Bd3 d5 6. cxd5 exd5 7. Ne2 Re8 8. Bd2
b6 9. Rc1 Bf8 10. O-O c5 11. Nf4 Ba6 12. dxc5 bxc5 13. Bxa6 Nxa6 14. Qf3 Nc7 15.
Rfd1 Qd6 16. Ncxd5 Nfxd5 17. Bc3 Rad8 18. Nxd5 Nxd5 19. e4 Qf4 20. exd5 Qxf3 21.
gxf3 Rd7 22. Rd3 f5 23. Re1 Red8 24. Re5 g6 25. Ba5 Rc8 26. Re6 Bg7 27. Rc6 Re8
28. Rxc5 Bxb2 29. Rc7 Red8 30. Rc5 Re8 31. d6 Bf6 32. Bc7 Re5 33. Rdd5 Rxd5 34.
Rxd5 Kf7 35. f4 Ke6 36. Rd3 Bd8 37. Re3+ Kf6 38. Rc3 Ke6 39. Kg2 Bf6 40. Rd3 h6
41. Kf3 g5 42. h3 Rg7 43. Ra3 Bd4 44. Ra4 g4+ 45. hxg4 fxg4+ 46. Kg3 Bc5 47. f5+
Kd7 48. Rxg4 Rf7 49. Kf4 Bxf2 50. Ke5 Be1 51. Ra4 Bg3+ 52. Ke4 Bf2 53. Rc4 Bg3
54. Bb8 Kd8 55. Rc7 Rf6 56. Rxa7 Bxd6 57. Bxd6 Rxd6 58. Ke5 Rb6 59. a4 Ke8 60.
a5 Rc6 61. a6 Kf8 62. f6 Rb6 63. Kf5 Rb1 64. Rb7 Rf1+ 65. Kg6 Rg1+ 66. Kxh6 Rh1+
67. Kg5 1-0

[Event "25th Czech Rapid G1 2014"]
[Site "Pardubice CZE"]
[Date "2014.07.17"]
[Round "9.5"]
[White "Petr, Martin"]
[Black "Cvek, Robert"]
[Result "1-0"]
[WhiteTitle "GM"]
[BlackTitle "GM"]
[WhiteElo "2540"]
[BlackElo "2516"]
[WhiteFideId "318299"]
[BlackFideId "307424"]
[EventDate "2014.07.16"]

1. e4 c5 2. Nf3 e6 3. d4 cxd4 4. Nxd4 Nc6 5. Nc3 Qc7 6. Be2 a6 7. O-O Nf6 8. Be3
Bb4 9. Na4 Be7 10. Nxc6 bxc6 11. Nb6 Rb8 12. Nxc8 Qxc8 13. Bd4 c5 14. Bc3 O-O
15. Bf3 d6 16. e5 dxe5 17. Bxe5 Rb6 18. Qe2 Nd7 19. Bc3 Bf6 20. Bxf6 Nxf6 21. b3
Rd8 22. Rfd1 Rbd6 23. Rxd6 Rxd6 24. Rd1 Qd8 25. Rxd6 Qxd6 26. g3 g6 27. Kg2 Qc7
28. Qxa6 g5 29. Qe2 e5 30. a4 Qe7 31. Be4 Qd8 32. Qe3 h6 33. h3 Kg7 34. Bf3 Qe7
35. Be4 Qd8 36. Qd3 Qc7 37. c3 Qb6 38. Qc4 Qa7 39. Bc6 h5 40. Qb5 Qe7 41. a5 h4
42. a6 hxg3 43. Bb7 gxf2 44. a7 e4 45. a8=Q e3 46. Qe2 Nh5 47. Qxh5 e2 48. Qah8# 1-0

[Event "25th Czech Rapid G1 2014"]
[Site "Pardubice CZE"]
[Date "2014.07.17"]
[Round "9.6"]
[White "Babula, Vlastimil"]
[Black "Golubov, Saveliy"]
[Result "1/2-1/2"]
[WhiteTitle "GM"]
[WhiteElo "2549"]
[BlackElo "2339"]
[WhiteFideId "301264"]
[BlackFideId "24176729"]
[EventDate "2014.07.16"]

1. d4 Nf6 2. c4 e6 3. Nf3 d5 4. Nc3 Be7 5. Bf4 O-O 6. Rc1 c6 7. e3 Nbd7 8. a3
Nh5 9. Bd3 Nxf4 10. exf4 dxc4 11. Bxc4 b5 12. Bd3 Bb7 13. O-O a6 14. Ne4 Qb6 15.
b4 a5 16. Nc5 Nxc5 17. dxc5 Qc7 18. g3 axb4 19. axb4 Ra4 20. Rb1 Bf6 21. Qe2 Rd8
22. Rfd1 g6 23. Bc2 Ra3 24. Ne5 Rd5 25. Rxd5 exd5 26. Ng4 Bd4 27. f5 Qd7 28. Qd2
Bc3 29. Qxc3 Rxc3 30. Nf6+ Kg7 31. Nxd7 Rxc2 32. f6+ Kh6 33. Ne5 Kg5 34. Nxf7+
Kxf6 35. Nd6 Ba8 36. Ra1 d4 37. Rxa8 d3 38. Kf1 Ke5 39. Ke1 Re2+ 40. Kd1 Kd4 41.
Rd8 Kc3 42. f3 Rd2+ 43. Kc1 Rc2+ 44. Kd1 Rd2+ 45. Kc1 Rc2+ 46. Kd1 Rd2+ 47. Kc1 1/2-1/2

[Event "25th Czech Rapid G1 2014"]
[Site "Pardubice CZE"]
[Date "2014.07.17"]
[Round "9.7"]
[White "Lalic, Bogdan"]
[Black "Oparin, Grigoriy"]
[Result "1-0"]
[WhiteTitle "GM"]
[BlackTitle "GM"]
[WhiteElo "2482"]
[BlackElo "2550"]
[WhiteFideId "409081"]
[BlackFideId "24125890"]
[EventDate "2014.07.16"]

1. d4 d5 2. c4 e6 3. Nf3 Nf6 4. Nc3 Be7 5. Bf4 O-O 6. a3 b6 7. Qc2 Bb7 8. Rd1
Nbd7 9. cxd5 exd5 10. e3 c5 11. Bd3 c4 12. Bf5 a6 13. Ne5 g6 14. Bh3 Re8 15. O-O
Nf8 16. Bh6 Nh5 17. g4 Ng7 18. Bg2 f6 19. Nxc4 b5 20. Nd2 Qd7 21. h3 b4 22. axb4
Bxb4 23. Qb3 Bxc3 24. bxc3 Reb8 25. Rb1 a5 26. Bf4 a4 27. Qb4 Nge6 28. Bxb8 Rxb8
29. c4 dxc4 30. Bxb7 c3 31. Ne4 1-0

[Event "25th Czech Rapid G1 2014"]
[Site "Pardubice CZE"]
[Date "2014.07.17"]
[Round "9.8"]
[White "Sergeyev, Alexander"]
[Black "Megaranto, Susanto"]
[Result "1-0"]
[WhiteTitle "FM"]
[BlackTitle "GM"]
[WhiteElo "2389"]
[BlackElo "2532"]
[WhiteFideId "13702076"]
[BlackFideId "7101384"]
[EventDate "2014.07.16"]

1. e4 g6 2. Nc3 Bg7 3. h4 h5 4. Bc4 d6 5. d4 c6 6. Bb3 b5 7. Qf3 e6 8. e5 d5 9.
Bg5 Qb6 10. Nge2 a5 11. a4 b4 12. Na2 Nd7 13. Nac1 Ne7 14. Bxe7 Kxe7 15. c4 bxc3
16. bxc3 Ba6 17. O-O Bh6 18. Rb1 Rab8 19. Nd3 Qa7 20. Rfd1 Rb7 21. Bc2 Rxb1 22.
Rxb1 Rb8 23. Rxb8 Qxb8 24. Nef4 Bxd3 25. Nxd3 Kf8 26. Nc5 Nxc5 27. Bxg6 f5 28.
exf6 Nd7 29. g3 Kg8 30. Qxh5 Qf8 31. f7+ Kh8 32. g4 Nf6 33. Qe5 Qg7 34. h5 Nh7
35. Qxe6 Nf8 36. Qxc6 Bf4 37. Qxd5 Qf6 38. Qf5 Qxf5 39. Bxf5 Kg7 40. Kg2 Kxf7
41. Kf3 Bd2 42. c4 Ne6 43. Bxe6+ Kxe6 44. Ke4 1-0

[Event "25th Czech Rapid G1 2014"]
[Site "Pardubice CZE"]
[Date "2014.07.17"]
[Round "9.9"]
[White "Gordievsky, Dmitry"]
[Black "Potapov, Alexander1"]
[Result "1-0"]
[WhiteTitle "FM"]
[BlackTitle "GM"]
[WhiteElo "2439"]
[BlackElo "2399"]
[WhiteFideId "24112798"]
[BlackFideId "4115074"]
[EventDate "2014.07.16"]

1. d4 f5 2. Nf3 g6 3. g3 Bg7 4. Bg2 Nf6 5. O-O O-O 6. c4 d6 7. Nc3 Qe8 8. d5 a5
9. Nd4 Na6 10. Rb1 Nc5 11. Ncb5 Na6 12. b3 Bd7 13. Ba3 c6 14. Nc3 Nc7 15. Qd3 c5
16. Ne6 Nxe6 17. dxe6 Bxe6 18. Bxb7 Rb8 19. Bg2 Kh8 20. Rbd1 g5 21. Nd5 Ng4 22.
Qd2 f4 23. Nc7 Qd7 24. Nxe6 Qxe6 25. Bh3 h5 26. Bb2 Bxb2 27. Qxb2+ Qe5 28. Qc2
fxg3 29. hxg3 Rxf2 30. Qd3 Rxf1+ 31. Rxf1 Ne3 32. Rf3 Ng4 33. Bxg4 hxg4 34. Rf7
Qd4+ 35. Qxd4+ cxd4 36. Rxe7 a4 37. bxa4 Rb4 38. a5 Ra4 39. Re4 Rxc4 40. Rxg4 d3
41. Rxc4 d2 42. Rd4 1-0

[Event "25th Czech Rapid G1 2014"]
[Site "Pardubice CZE"]
[Date "2014.07.17"]
[Round "9.10"]
[White "Muhammad, Luthfi Ali"]
[Black "Dolezal, Radoslav1"]
[Result "0-1"]
[WhiteTitle "FM"]
[BlackTitle "IM"]
[WhiteElo "2336"]
[BlackElo "2368"]
[WhiteFideId "7103743"]
[BlackFideId "304735"]
[EventDate "2014.07.16"]

1. e4 c6 2. d4 d5 3. Nd2 dxe4 4. Nxe4 Nd7 5. Ng5 Ngf6 6. Bd3 e6 7. Qe2 Be7 8.
N1f3 O-O 9. O-O h6 10. Nxe6 fxe6 11. Qxe6+ Rf7 12. Bg6 Qf8 13. Re1 Bd8 14. Bd2
Nb6 15. Bxf7+ Qxf7 16. Qxf7+ Kxf7 17. Ne5+ Kg8 18. c4 Bf5 19. f3 Bc7 20. b3 Re8
21. Bc3 Nbd7 22. Nxd7 Bxd7 23. Rxe8+ Bxe8 24. Re1 Kf7 25. Bb4 Bd8 26. Bd6 Bd7
27. Kf2 Be6 28. Bc5 a6 29. Bd6 h5 30. Re2 g6 31. Rd2 Ke8 32. Bf4 Kd7 33. h3 h4
34. Re2 Nh5 35. Be5 Bg5 36. Re1 Nf4 37. Rd1 Bf5 38. Kf1 Bd3+ 39. Kf2 Bc2 40. Rh1
Nd3+ 41. Ke2 Nc1+ 42. Kf2 Nxa2 43. f4 Be7 44. d5 cxd5 45. cxd5 Bxb3 46. d6 Bxd6
47. Rb1 Bd5 48. Rb2 Bxe5 49. fxe5 Ke6 50. Rb6+ Bc6 51. Rb2 Nc3 52. Rb4 Ne4+ 53.
Ke3 Kxe5 54. Rd4 Nd6 55. Rg4 Nf5+ 56. Kd2 Kf6 57. Kd3 b5 58. Kc3 a5 59. Kb3 Bd5+
60. Kc3 g5 0-1